000 00472nam a2200181Ia 4500
001 4571
005 20260306145805.0
008 260306t2017||||xx |||||||||||||| ||spa||
041 _aESP
082 _a324.985
_bT89
100 _aTuesta Soldevilla, Fernando
_eAUT
245 0 _aPerú:
_belecciones 2016: un país dividido y un resultado inesperado
260 _c2017
300 _a386 páginas :
_c24 cm.
650 _aGEN
654 _aCDE
942 _cLIB
_dJUS
_fJUS
_2ddc
_n
999 _c4571
_d4571